000 00456nam a22001931a 4500
001 1017
003 OSt
005 20260204211718.0
008 040115s2000||||sp ||||||b||||||||||spa||
020 _a8481301620
050 _a833.912 M316m
082 _a808.83 M316m
100 _aMann, Thomás
245 _aLa montaña mágica / Thomás Mann
264 _aEspaña : Industria Gráfica
300 _a2v
650 _aNovela AlemanaÌ
942 _2ddc
_cBK
999 _c1017
_d1017